[Event "Chigorin Memorial 29th"]
[Site "St Petersburg"]
[Date "2022.10.28"]
[Round "7"]
[White "Popenkova, Varvara"]
[Black "Klevets, Ksenia"]
[Result "0-1"]
[WhiteElo "1313"]
[BlackElo "1758"]
[PlyCount "72"]
[EventDate "2022.10.22"]
[EventType "swiss"]
[EventRounds "9"]
[EventCountry "RUS"]
[SourceTitle "EXT 2024"]
[Source "ChessBase"]
[SourceDate "2023.10.10"]
[SourceVersion "1"]
[SourceVersionDate "2023.10.10"]
[SourceQuality "1"]

1. c4 e5 2. g3 Nf6 3. Bg2 d5 4. cxd5 Nxd5 5. d4 Bb4+ 6. Bd2 exd4 7. Bxb4 Nxb4 8. Qb3 N8c6 9. Nf3 Be6 10. Qd1 Nxa2 11. 0-0 0-0 12. Nbd2 Nab4 13. Ne4 Bd5 14. Nc5 b6 15. Nd3 Nxd3 16. Qxd3 Qf6 17. Rfd1 Rad8 18. Ra4 Rd6 19. b4 b5 20. Raa1 Bc4 21. Qd2 Re8 22. Bf1 d3 23. Qc1 dxe2 24. Rxd6 exf1R+ 25. Qxf1 cxd6 26. Qd1 Be2 27. Qc1 Bxf3 28. Ra6 Qe5 29. Ra1 Nd4 30. Qb1 Nc2 31. h4 Qxa1 32. Kh2 Qxb1 33. g4 Qh1+ 34. Kg3 Qg2+ 35. Kf4 Re4+ 36. Kf5 Qxg4# 0-1

[Event "Chigorin Memorial 29th"]
[Site "St Petersburg"]
[Date "2022.10.27"]
[Round "6"]
[White "Chetverik, Maxim"]
[Black "Popenkova, Varvara"]
[Result "1-0"]
[WhiteElo "2070"]
[BlackElo "1313"]
[PlyCount "65"]
[EventDate "2022.10.22"]
[EventType "swiss"]
[EventRounds "9"]
[EventCountry "RUS"]
[SourceTitle "EXT 2024"]
[Source "ChessBase"]
[SourceDate "2023.10.10"]
[SourceVersion "1"]
[SourceVersionDate "2023.10.10"]
[SourceQuality "1"]

1. d4 a5 2. c4 e6 3. e4 Ne7 4. Nc3 d5 5. Nf3 Nbc6 6. Bd3 Nb4 7. Be2 dxe4 8. Nxe4 b6 9. a3 Nbc6 10. 0-0 Bb7 11. Nc3 g6 12. d5 exd5 13. cxd5 Na7 14. Qd4 Rg8 15. Rd1 Bg7 16. Ne5 Kf8 17. Bc4 Nf5 18. Qf4 Qd6 19. Nf3 Qxf4 20. Bxf4 Nd6 21. Bb3 Nab5 22. Nxb5 Nxb5 23. a4 Nd6 24. Rac1 Ne8 25. Bxc7 Bxb2 26. Rc2 Nxc7 27. Rxc7 Ba6 28. d6 Rg7 29. Ng5 Ba3 30. Bxf7 Rxf7 31. Rxf7+ Kg8 32. d7 Rd8 33. Re1 1-0

[Event "Chigorin Memorial 29th"]
[Site "St Petersburg"]
[Date "2022.10.24"]
[Round "3"]
[White "Popenkova, Varvara"]
[Black "Sakovich, Luka"]
[Result "1-0"]
[WhiteElo "1313"]
[BlackElo "1685"]
[PlyCount "119"]
[EventDate "2022.10.22"]
[EventType "swiss"]
[EventRounds "9"]
[EventCountry "RUS"]
[SourceTitle "EXT 2024"]
[Source "ChessBase"]
[SourceDate "2023.10.10"]
[SourceVersion "1"]
[SourceVersionDate "2023.10.10"]
[SourceQuality "1"]

1. c4 Nf6 2. g3 e6 3. Bg2 d5 4. cxd5 exd5 5. e3 Be7 6. Ne2 0-0 7. Nbc3 b6 8. d4 Bb7 9. Nf4 Ne4 10. Nxe4 dxe4 11. Qc2 Bb4+ 12. Bd2 Qe7 13. Bxb4 Qxb4+ 14. Qc3 Na6 15. 0-0 Qe7 16. a3 c5 17. dxc5 Nxc5 18. b4 Ne6 19. Nxe6 Qxe6 20. Rfd1 Rfd8 21. Qc7 Bd5 22. Qc3 Bc4 23. Rd4 Bd3 24. Rxd8+ Rxd8 25. Rc1 h6 26. Qc7 Rd7 27. Qc6 Rd6 28. Qc8+ Kh7 29. Qxe6 Rxe6 30. Rc7 a5 31. bxa5 bxa5 32. Rxf7 Rc6 33. h4 Rc1+ 34. Kh2 Rc4 35. Bh3 Kg6 36. Rf4 Rc5 37. Be6 Re5 38. Bf7+ Kh7 39. h5 Be2 40. Bg6+ Kg8 41. g4 Bf3 42. Rf5 Rxf5 43. Bxf5 Kf7 44. Kg3 Kf6 45. Kf4 Bd1 46. Bxe4 Bb3 47. Bf5 Ke7 48. Ke5 Bc4 49. f4 Be2 50. Be6 Bd1 51. e4 Bf3 52. Kf5 Bxe4+ 53. Kxe4 Kxe6 54. g5 Ke7 55. Ke5 Kf7 56. Kf5 a4 57. Ke5 Ke7 58. g6 Kd7 59. f5 Ke7 60. f6+ 1-0

[Event "Chigorin Memorial 29th"]
[Site "St Petersburg"]
[Date "2022.10.22"]
[Round "1"]
[White "Popenkova, Varvara"]
[Black "Khodko, Yurii N"]
[Result "1/2-1/2"]
[WhiteElo "1313"]
[BlackElo "1988"]
[PlyCount "97"]
[EventDate "2022.10.22"]
[EventType "swiss"]
[EventRounds "9"]
[EventCountry "RUS"]
[SourceTitle "EXT 2024"]
[Source "ChessBase"]
[SourceDate "2023.10.10"]
[SourceVersion "1"]
[SourceVersionDate "2023.10.10"]
[SourceQuality "1"]

1. c4 Nf6 2. g3 g6 3. Bg2 Bg7 4. d4 0-0 5. e3 c5 6. Ne2 cxd4 7. exd4 d5 8. cxd5 Nxd5 9. Nbc3 Nxc3 10. bxc3 e5 11. Rb1 exd4 12. cxd4 Qa5+ 13. Bd2 Qxa2 14. 0-0 Nc6 15. d5 Ne5 16. Nc3 Qc4 17. d6 Bg4 18. Qb3 Bf5 19. Rb2 Qxb3 20. Rxb3 Nc4 21. Bf4 Bc2 22. Rb4 Bd3 23. Rc1 Rad8 24. Rxb7 Nxd6 25. Rxa7 Bxc3 26. Bxd6 Rfe8 27. Bc7 Bd4 28. Bxd8 Bxa7 29. Bf6 Ba6 30. Bf1 Re6 31. Bb2 Kf8 32. Bxa6 Rxa6 33. Ra1 Rxa1+ 34. Bxa1 f5 35. Kg2 g5 36. h3 g4 37. hxg4 fxg4 38. f3 h5 39. fxg4 hxg4 40. Be5 Kf7 41. Bf4 Ke6 42. Bc7 Kd5 43. Bf4 Ke4 44. Bc7 Bd4 45. Bf4 Be5 46. Bc1 Bxg3 47. Kxg3 Kf5 48. Bf4 Ke4 49. Kxg4 1/2-1/2